Statistics for Googling Countries

Click here to take the quiz!

General Stats

  • This quiz has been taken 30 times
  • The average score is 15 of 20

Answer Stats

SentenceAnswer% Correct
A country of 50 states covering a vast swath of North America, with one state in the northwest and another state extending the nation’s presence into the Pacific Ocean.United States
100%
A country on the isthmus linking Central and South America.Panama
96%
A country that is an archipelago in the central Mediterranean Sea between Sicily and the North African coast.Malta
88%
A country that is tiny on the island of Borneo, in 2 distinct sections surrounded by one country and the South China Sea.Brunei
81%
A country at the intersection of Europe and Asia, is a former Soviet republic that’s home to Caucasus Mountain villages and Black Sea beaches.Georgia
81%
A country in the Caribbean that shares the island of Hispaniola with a country to its east.Haiti
81%
A country in Central Asia and a former Soviet republic, extends from the Caspian Sea in the west to the Altai Mountains at its eastern border with two other countries.Kazakhstan
81%
A country that is German-speaking and 25km-long between two other countries.Liechtenstein
81%
A country in Southeast Asia traversed by the Mekong River and known for mountainous terrain, French colonial architecture, hill tribe settlements and Buddhist monasteries.Laos
77%
A country in Scandinavia encompassing mountains, glaciers and deep coastal fjords.Norway
77%
A country that is an archipelago of 115 islands in the Indian Ocean, off East Africa.Seychelles
77%
A country in the Balkans with rugged mountains, medieval villages and a narrow strip of beaches along its Adriatic coastline.Montenegro
73%
A country in southern Africa, is a landlocked country of rugged terrain and diverse wildlife, with many parks and safari areas.Zambia
73%
A country on the eastern coast of Central America, with Caribbean Sea shorelines to the east and dense jungle to the west.Belize
69%
A country in the Horn of Africa, is a rugged, landlocked country split by the Great Rift Valley.Ethiopia
69%
A country spread across the western Pacific Ocean comprising more than 600 islands.Micronesia
69%
A country along the Atlantic coast of Central Africa, has significant areas of protected parkland.Gabon
65%
A country in West Africa with beach resorts, rainforests, and a French-colonial legacy.Ivory Coast
62%
A country in the South Pacific, is an archipelago of more than 300 islands.Fiji
58%
A country that is landlocked between three different countries, home to large swaths of swampland, subtropical forest and chaco, wildernesses comprising savanna and scrubland.Paraguay
58%

Score Distribution

Percentile by Number Answered

Percent of People with Each Score

Your Score History

You have not taken this quiz